Indigenous historical knowledge: (Record no. 138562)

MARC details
000 -LEADER
fixed length control field 00951nam a22002777a 4500
005 - DATE AND TIME OF LATEST TRANSACTION
control field 20240910150215.0
010 ## - LCCN (DPL NO)
LC control number ENG-117645 ENG-141283 ENG-141733
020 ## - INTERNATIONAL STANDARD BOOK NUMBER
Terms of availability 695.00
International Standard Book Number 9788182748668
020 ## - INTERNATIONAL STANDARD BOOK NUMBER
Terms of availability 695.00
International Standard Book Number 9788182718491
020 ## - INTERNATIONAL STANDARD BOOK NUMBER
Terms of availability 795.00
International Standard Book Number 9788182749092
035 ## - SYSTEM CONTROL NUMBER
System control number EN-101177
035 ## - SYSTEM CONTROL NUMBER
System control number EN-125265
035 ## - SYSTEM CONTROL NUMBER
System control number EN-124815
037 ## - SOURCE OF ACQUISITION
Source of stock number/acquisition DBAD
082 ## - DEWEY DECIMAL CLASSIFICATION NUMBER
Classification number 320.934
245 ## - TITLE STATEMENT
Title Indigenous historical knowledge:
Remainder of title Kautilya and his vocabulary/
Statement of responsibility, etc edited by Pradeep Kumar Gautam, Saurabh Mishra [and] Arvind Gupta
260 ## - PUBLICATION, DISTRIBUTION, ETC. (IMPRINT)
Place of publication, distribution, etc New Delhi
Name of publisher, distributor, etc Pentagon Press
Date of publication, distribution, etc 2015
270 ## - ADDRESS
Address 206,Peacock Lane, Shahpur Jat
City New Delhi
Postal code 110049
300 ## - PHYSICAL DESCRIPTION
Extent x,524p. :
Dimensions 23cm(Hb)
Other physical details ill (maps)
300 ## - PHYSICAL DESCRIPTION
Extent xx,125p. :
Dimensions 23cm(Hb)
Other physical details ill (maps)
490 ## - SERIES STATEMENT
Volume number/sequential designation Vol 1, Vol 2, Vol 3
700 ## - ADDED ENTRY--PERSONAL NAME
Personal name Gautam, Pradeep Kumar
9 (RLIN) 69692
700 ## - ADDED ENTRY--PERSONAL NAME
Personal name Mishra, Saurabh
9 (RLIN) 69693
700 ## - ADDED ENTRY--PERSONAL NAME
Personal name Gupta, Arvind
9 (RLIN) 69694
942 ## - ADDED ENTRY ELEMENTS (KOHA)
Source of classification or shelving scheme Dewey Decimal Classification
Item type English Books
Call number suffix IND
Classification part 355.03305
Holdings
Withdrawn status Lost status Not for loan Collection code Home library Current library Date acquired Source of acquisition Cost, normal purchase price Full call number Barcode Copy number Cost, replacement price Koha item type Materials specified (bound volume or other part)
      Non-fiction Central Jail Tihar Central Jail Tihar 30/03/2017 DBAD/PUB 695.00 355.03305 IND EN-101177 1 695.00 English Books  
      Non-fiction Central Jail Tihar Central Jail Tihar 07/08/2024 Delivery of Books Act Division 695.00 IND 355.03305 EN-124815 1 695.00 English Books VOL-1
      Non-fiction Central Jail Tihar Central Jail Tihar 10/09/2024 Delivery of Books Act Division 795.00 IND 355.03305 EN-125265 1 795.00 English Books VOL 3

© Delhi Public Library
Hit Counter
free hit counter